000 00362nam a2200157Ia 4500
003 Ost
005 20260225132551.0
008 260225s9999||||xx |||||||||||||| ||und||
040 _cfsic
041 _afre
082 _a792.02
100 _aMichel moulet
_eAuteur
245 0 _aSur un art ignoré la table ronde /
245 0 _cMichel moulet
942 _cكتاب
999 _c34143
_d34143